Dividendová politika bakalárska práca

Enregistré dans:
Détails bibliographiques
Auteur principal: Vaľová, Ivana
Collectivité auteur: Národohospodárska fakulta EU. Katedra bankovníctva a medzinárodných financií
Autres auteurs: Trúchly, Peter
Format: Livre
Langue:slovaque
Publié: Bratislava 2011
Tags: Ajouter un tag
Pas de tags, Soyez le premier à ajouter un tag!

MARC

LEADER 00000nbm a2200000 4500
001 0139761
005 20161109111644.2
041 0 |a slo 
044 |a SK 
245 1 0 |a Dividendová politika  |b bakalárska práca  |c Ivana Vaľová ; školiteľ: Peter Trúchly 
264 1 |a Bratislava  |c 2011 
300 |a 47 s. 
100 1 |a Vaľová, Ivana 
700 1 |a Trúchly, Peter 
710 2 |a Národohospodárska fakulta EU. Katedra bankovníctva a medzinárodných financií